Travesía de la postal fotográfica chilena: 1899-2006
Uloženo v:
| Hlavní autor: | |
|---|---|
| Médium: | Kniha |
| Jazyk: | španělština |
| Vydáno: |
Valparaíso, Chile.
Bioesférica Ediciones,
2015
|
| Vydání: | 1a. ed |
| Edice: | Valparaisología
|
| Témata: | |
| Tagy: |
Přidat tag
Žádné tagy, Buďte první, kdo vytvoří štítek k tomuto záznamu!
|
MARC
| LEADER | 00000cam a2200000 a 4500 | ||
|---|---|---|---|
| 001 | UCC9246 | ||
| 003 | CL-VaPUC | ||
| 005 | 20211013074507.0 | ||
| 008 | 190914e20150000cl |||||||||||||||||spa|d | ||
| 999 | |c 375439 |d 375437 | ||
| 020 | |a 9789569714009 | ||
| 040 | |c Pontificia Universidad Católica de Valparaíso | ||
| 082 | 0 | 4 | |a 769.5 LEO 2015 |2 21 |
| 100 | |a León Cáceres, Samuel |e author |9 377 | ||
| 245 | 1 | 0 | |a Travesía de la postal fotográfica chilena: 1899-2006 |
| 250 | |a 1a. ed | ||
| 260 | |a Valparaíso, Chile. |b Bioesférica Ediciones, |c 2015 | ||
| 300 | |a 157 páginas | ||
| 490 | 0 | |a Valparaisología | |
| 583 | |a last modification |c 20190914 23:07:00 |k Rodrigo Vera | ||
| 650 | 0 | |a Tarjetas postales |2 CL-VaPUC |9 329679 | |
| 650 | 0 | |a Diseño gráfico |9 266874 | |
| 650 | 0 | |a Historia de ciudades |9 445863 | |
| 942 | |c BK |2 ddc | ||
| 945 | |d 20190914 23:07:00 |a dcastane | ||
| 952 | |0 0 |1 0 |3 erb |4 0 |6 769_500000000000000_LEO_2015 |7 0 |8 A |9 494412 |a BIBHIS |b BIBHIS |i 5561086 |o 769.5 LEO 2015 |p 5561086 |r 2025-01-20 |w 2019-11-24 |y BK |z Catalogado en:20190914 |k HIS | ||